000 00334nam a22001457a 4500
008 221109b ||||| |||| 00| 0 eng d
020 _a9780273732792
041 _aeng
080 _2THIRD EDITION
_a33
082 _a33 MUL
100 _a23.1
101 _aBIZ
245 _aTHE NEW BUSINESS ROAD TEST
_cMULLINS J
942 _2udc
_cBK
999 _c58818
_d58818